000 01189cam a22003497a 4500
003 CHAP
005 20220329140021.0
008 971013s1979 r 00010 d
010 _a45623
011 _a46595
035 _a50736
040 _cCHAP
090 _aFolleto 379
110 _aUACH. Departamento de Trabajos de Campo Universitarios
_9115896
245 0 _aCómo cuidar el suelo
260 _aChapingo, Méx. :
_bDepartamento de Trabajos de Campo Universitarios,
_c1979
300 _a14 p.
_b: ilus.
490 0 _aCuadernos campesinos
_v; 2
500 _ac.5 en bodega
590 _aBATCH-UPD
_b10
_c20130110
_lUCH01
_h2006
590 _aBATCH-UPD
_b10
_c20130410
_lUCH01
_h1325
590 _aBATCH-UPD
_b10
_c20130914
_lUCH01
_h2037
590 _aCONVERSION
_b10
_c20130109
_lUCH01
_h1325
650 1 4 _aSuelos
_xConservación.
_9110283
830 0 _aCuadernos campesinos
_v; 2
_929733
901 _aBK
942 _cFOLL
949 _aFolleto 379
_bBC
_cFOLL
_d507362
_eTS2
_fc.2
_i50736
_sb
949 _aFolleto 379
_bBC
_cFOLL
_d507363
_eTS2
_fc.3
_i50736
_sb
949 _aFolleto 379
_bBC
_cFOLL
_d507364
_eTS1
_fc.4
_i50736
_sb
949 _aFolleto 379
_bBC
_cUACH
_d507631
_eUACH
_i50736
_si
999 _c45623
_d45623